Les stoïciens / (Record no. 186566)

MARC details
000 -LEADER
campo de control de longitud fija 00828nam a2200229 i 4500
001 - NÚMERO DE CONTROL
campo de control 186566
003 - IDENTIFICADOR DE NÚMERO DE CONTROL
campo de control SpMaBN
005 - FECHA Y HORA DE LA ÚLTIMA TRANSACCIÓN
campo de control 20230906222709.0
008 - DATOS DE LONGITUD FIJA--INFORMACIÓN GENERAL
campo de control de longitud fija 161128s1964 fr |||| | fre d
080 ## - NÚMERO DE LA CLASIFICACIÓN DECIMAL UNIVERSAL
Número de la Clasificación Decimal Universal 17(37/38)(082.2)
245 04 - MENCIÓN DEL TÍTULO
Título Les stoïciens /
Mención de responsabilidad, etc. textes traduits par Émile Bréiher ; édités sous la direction de Pierre-Maxime Schuhl.
260 ## - PUBLICACIÓN, DISTRIBUCIÓN, ETC.
Lugar de publicación, distribución, etc. [Paris :
Nombre del editor, distribuidor, etc. Gallimard,
Fecha de publicación, distribución, etc. 1964]
300 ## - DESCRIPCIÓN FÍSICA
Extensión LXVI, 1438 p. ;
Dimensiones 18 cm.
490 1# - MENCIÓN DE SERIE
Mención de serie Bibliothèque de la Pléiade ;
Designación de volumen o secuencia 156
504 ## - NOTA DE BIBLIOGRAFÍA, ETC.
Nota de bibliografía, etc. Bibliografía: p. [1395]-1402.
650 07 - PUNTO DE ACCESO ADICIONAL DE MATERIA--TÉRMINO DE MATERIA
Término de materia o nombre geográfico como elemento de entrada Estoicos.
9 (RLIN) 12556
700 1# - ENTRADA AGREGADA--NOMBRE PERSONAL
Nombre de persona Bréhier, Émile.
9 (RLIN) 148586
700 1# - ENTRADA AGREGADA--NOMBRE PERSONAL
Nombre de persona Schuhl, Pierre-Maxime.
9 (RLIN) 104751
830 0# - PUNTO DE ACCESO ADICIONAL DE SERIE-TÍTULO UNIFORME
Título uniforme Bibliothèque de la Pléiade ;
Designación de volumen o secuencia 156
9 (RLIN) 180233
852 ## - LOCALIZACIÓN
Ubicación ES-MaACL
Número de control de estantería L-30922
Nota libre - enc. cart.
-- . - Biblioteca Jacinto Martínez Lacalle
Holdings
Estatus retirado Estado de pérdida Estado de daño No para préstamo Biblioteca de origen Biblioteca actual Ubicación en estantería Fecha de adquisición Fuente de adquisición Total de préstamos Signatura topográfica completa Código de barras Visto por última vez Precio de reemplazo Tipo de ítem Koha
        Biblioteca del Ateneo de Madrid Biblioteca del Ateneo de Madrid Depósito 2 28/11/2016     L-30922 1196735 23/02/2023 23/02/2023 Libro impreso